000 00632nam a2200169 i 4500
001 142359
003 ES-MaACL
005 20230906200513.0
007 t|
008 071004s1912 xxu ||||1| eng d
100 1 _aWinter, Nevin O.
_9117116
245 1 0 _aMexico and her people of to-day
_b: an account of the customs, characteristics, amusements, history and advancement of the Mexicans, and the development and resources of their country /
_cby Nevin O. Winter.
260 _aBoston :
_bL. C. Page and company,
_c1912.
300 _a492 p. ;
_c19 cm.
651 4 _aMéxico-
_xCivilización.
_99059
852 _aES-MaACL
_jB-1065
999 _c142359
_d142359